| 000 | 01236nam2a22002771 4500 | ||
|---|---|---|---|
| 001 | rc\576265 | ||
| 005 | 20250621231226.0 | ||
| 035 | _a(NLR Aleph) 005970731 | ||
| 090 |
_a6932897 _c6932897 |
||
| 100 | _a20031121d1987 |||y0rusy50 ca | ||
| 101 | 0 | _arus | |
| 102 | _aRU | ||
| 105 | _aa ||||||||| | ||
| 200 | 0 | _aТ. 1 | |
| 210 |
_d1987 _aБ. м. |
||
| 215 | _a508, [2] с., [5] л. ил. | ||
| 320 | _aБиблиогр. в примеч.: с. 505-509 | ||
| 327 | 1 | _aСодерж.: Романы: Разгром; Последний из удэгэ: Т. 1 | |
| 461 | 0 |
_1001rc\576264 _12001#$aСобрание сочинений$eВ 4 т.$fА. Фадеев$g[Вступ. ст. С. Заики, с. 3-48$gИл. О.Г. Верейского]$vТ. 1 _1700#1$aФадеев$bА.А.$gАлександр Александрович$f1901-1956 _96932890 _aФадеев, А.А. (1901-1956) _cМ. _d1987- _fА. Фадеев _nПравда _oВ 4 т. _tСобрание сочинений _vТ. 1 |
|
| 464 | 0 |
_12001#$aРазгром _tРазгром |
|
| 464 | 0 |
_12001#$aПоследний из удэгэ _tПоследний из удэгэ |
|
| 801 | 0 |
_aRU _bNLR _gpsbo |
|
| 801 | 1 |
_aRU _bELAR _2rusmarc |
|
| 852 |
_aNLR _j87-3/2715 |
||
| 942 | _cBOOK | ||
| 980 | _aNB | ||